Responses for Show #3573 - Wednesday, March 1, 2000

Contestants

[<< previous game]

Susan Caylor, an account manager from Atlanta, Georgia

Gregory Cameron, a commercial interior designer from Los Gatos, California

Jeff Gregory, a graphic designer from Atlanta, Georgia (whose 1-day cash winnings total $8,199)

[next game >>]

Jeopardy! Round responses

20th CENTURY U.S. PRESIDENTS
FOOD ON FILM
THE VIRGIN MARY
SHELLS
-OLOGIES
"B.S."
    $100 6
Bill Clinton

Susan
    $100 1
Rocky

Jeff
    $100 22
Joseph

Jeff
    $100 20
(G: What is for trade or as money...monetary?)

Wampum

GregorySusan
    $100 13
Meteorology

Jeff
    $100 11
Bobby sox

Gregory
    $200 7
(G: Who is Carter?)

Richard Nixon

GregorySusan
    $200 2
E.T.

Susan
    $200 23
Bethlehem

Susan
    $200 21
Nautilus

Triple Stumper
    $200 17
Anthropology

Susan
    $200 12
Black sheep

Jeff
    $800 8
John F. Kennedy (for "Profiles in Courage")

Susan
    $300 3
National Lampoon's Animal House

Jeff
    $300 24
Gabriel

Jeff
    $300 27
Giant clam

Jeff
    $300 18
Cosmology

Jeff
    $300 14
Bean sprouts

Jeff
    $400 9
(J: Who was Ronald Reagan?)

Herbert Hoover

JeffSusan
    $400 4
Cool Hand Luke

Jeff
    $400 25
(S: Who is Luke?)

John

JeffSusan
    $400 28
Scallop

Susan
    $400 19
Ornithology

Triple Stumper
    $400 15
(G: What is "The Beaver State?")

"The Badger State"

JeffGregory
    $500 10
Theodore Roosevelt

Triple Stumper
    $500 5
Meat Loaf

Susan
    $500 26
Nazareth

Triple Stumper
    $500 29
Mother-of-pearl

Jeff
    $500 30
Audiology

Jeff
    $500 16
Beverly Sills

Jeff

Scores at the first commercial break (after clue 15):

Jeff Gregory Susan
$1,400 -$500 $2,200

Scores at the end of the Jeopardy! Round:

Jeff Gregory Susan
$4,300 -$600 $2,700

Double Jeopardy! Round responses

WORLD WAR II
NATIONS' FAVORITE SPORTS
PEOPLE IN VOGUE
(Alex: The magazine.)
SHAKESPEAREAN DYING WORDS
(Alex: You have to identify the speaker for us.)
WHERE THERE'S A VILLE
THERE'S AN "A"
    $200 8
London

Jeff
    $200 1
Ice Hockey

Susan
    $200 2
Elizabeth Taylor

Susan
    $200 10
Cleopatra

Jeff
    $200 20
Nashville

Jeff
    $200 13
Amazons

Susan
    $400 9
Aleutian Islands

Triple Stumper
    $400 7
Baseball

Jeff
    $400 3
Jacqueline Kennedy

Jeff
    $400 11
Macbeth

Jeff
    $1,500 21
(J: What is Louisville?)

Jacksonville, FL (Andrew Jackson)

Jeff
    $400 16
(S: What is a lily?)

Azalea

GregorySusan
    $600 28
Dwight D. Eisenhower

Susan
    $600 22
Golf

Jeff
    $600 4
Shirley Temple

Susan
    $600 12
Richard III

Jeff
    $600 25
Bonneville

Susan
    $600 17
(G: What is Akihoto?)

Akebono

Gregory
Triple Stumper
    $800 29
(S: Who is Paul Tibbetts?)
(G: Who was Patton?)

Col. James Doolittle

GregorySusan
Triple Stumper
    $800 23
Skiing

Gregory
    $800 5
Annie Leibovitz

Susan
    $800 14
Brutus

Susan
    $800 26
Seville

Gregory
    $800 18
Abattoir

Jeff
    $2,200 30
Omaha

Susan
    $1000 24
(minute to go...)

Soccer/Football

Triple Stumper
    $1000 6
Frida Kahlo

Gregory
    $1000 15
Juliet

Jeff
    $1000 27
(S: What is Brazzaville?)

Leopoldville

Susan
Triple Stumper
    $1000 19
Avatars

Triple Stumper

Scores at the end of the Double Jeopardy! Round:

Jeff Gregory Susan
$7,600 $1,000 $6,700

[wagering suggestions for these scores]

Final Jeopardy! Round responses

ARLINGTON NATIONAL CEMETERY
GregoryWho is Frost?
$1,000
SusanWho is Henson
$4,601
JeffWho was Byrd?
$5,801
Matthew Henson

Final scores:

Jeff Gregory Susan
$1,799 $0 $11,301
2nd place: Trip to Laguna Cliffs Marriott Resort, Dana Point, California 3rd place: Counter Spy Shop Gift Certificate New champion: $11,301

Game dynamics:

Coryat scores:

Jeff Gregory Susan
$9,100 $1,000 $5,000
25 R,
2 W
(including 1 DD)
5 R,
5 W
19 R
(including 2 DDs),
4 W

Combined Coryat: $15,100

[game clues] [game scores] [suggest correction]

Game tape date: 1999-12-01
The J! Archive is created by fans, for fans. Scraping, republication, monetization, and malicious use prohibited; this site may use cookies and collect identifying information. See terms. The Jeopardy! game show and all elements thereof, including but not limited to copyright and trademark thereto, are the property of Jeopardy Productions, Inc. and are protected under law. This website is not affiliated with, sponsored by, or operated by Jeopardy Productions, Inc. Join the discussion at JBoard.tv.